Plus Beaux Villages de France par images #10 - Statistiques

Statistiques générales
  • Ce quiz a été pris 13 fois
  • Le résultat moyen est 1 sur 16
Statistiques - réponses
Par images Hint Réponse % Correct
Haut-Rhin (67) Riquewihr
33%
Corrèze (19) Turenne
33%
Dordogne (24) Monpazier
17%
Gers (32) Larressingle
8%
Tarn (81) Monestiés
8%
Moselle (57) Rodemack
8%
Alpes-Maritimes (06) Sainte-Agnès
8%
Aveyron (12) Sauveterre-de-Rouergue
8%
Vaucluse (84) Séguret
8%
Cantal (15) Tournemire
8%
Lot (49) Cardaillac
0%
Drôme (26) Montbrun-les-Bains
0%
Haute-Loire (43) Polignac
0%
Indre (36) Saint-Benoît-du-Sault
0%
Lot-et-Garonne (47) Tournon-d'Agenais
0%
Var (83) Tourtour
0%
Aucun quiz correspondant
Distribution des résultats
% des personnes avec chaque résultat
Percentile par nombre de réponses
Votre historique - résultats
Vous n’avez pas pris ce quiz